Disney Channel séries - Statistiques

Statistiques générales
  • Ce quiz a été pris 5 598 fois
  • Le résultat moyen est 12 sur 35
Statistiques - réponses
years Réponse % Correct
12 2011-2015 Jessie
88%
14 2012-2015 Violetta
74%
4 2006-2011 Hannah Montana
71%
25 2016-2018 Soy Luna
67%
9 2010-2014 Bonne Chance Charlie
65%
10 2010-2013 Shake It Up
64%
5 2007-2012 Les sorciers de Waverly place
62%
16 2013-2017 Liv et Maddie
62%
19 2015-2018 Agent K.C.
57%
13 2011-2016 Austin et Ally
57%
22 2015-... Camp Kikiwaka
52%
6 2008-2011 La Vie de Croisière de Zack & Cody
45%
3 2005-2008 La Vie de Palace de Zack & Cody
44%
18 2014-2017 Le monde de Riley
44%
2 2003-2007 Phénomène Raven
41%
28 2017-... Raven
38%
11 2011-2014 Section Genius
37%
8 2009-2010 Jonas
32%
7 2009-2011 Sonny
30%
23 2016-2018 Harley - Le Cadet de mes Soucis
21%
1 2001-2004 Lizzie McGuire
21%
33 2019-... Bia
18%
17 2014-2015 C'est pas moi
15%
15 2012-2017 Mère et Fille
15%
27 2017-2019 Andi
14%
20 2015-2016 Best Friends Whenever
10%
21 2015-2017 Alex et Co.
6%
30 2018-2020 Léna, Rêve d’Étoile
6%
26 2016-2017 The Lodge
6%
24 2016-2019 Frankie & Paige
5%
32 2019-... Sidney au Max
4%
29 2018-2020 Coop & Cami
3%
31 2018-2020 Penny sur M.A.R.S.
3%
35 2019-... Gabby Duran, Baby-Sitter d'Extraterrestres
2%
34 2019-2021 Une famille Imprévisible
1%
Aucun quiz correspondant
Distribution des résultats
% des personnes avec chaque résultat
Percentile par nombre de réponses
Votre historique - résultats
Vous n’avez pas pris ce quiz